000 00459nam a22001697a 4500
005 20180727143540.0
008 160514b xxu||||| |||| 00| 0 eng d
020 _a81-203-2045-5
041 _aeng
082 _b2422
_a658.3
100 _aPaul , Hersey and Kenneth , H.Blan Chard /Deweye, Johnson
_94644
245 _aManagement of Organizational Behaviour
260 _aNew Delhi
_bPHI,
_c2004
300 _a488p,
650 _aManagement
_9241
942 _cBK
999 _c858
_d858